00617 a2200193 450000100060000002000150000604000220002110000250004324000290006824500240009730000080012136200090012944000120013865000230015094200070017395201130018095201130029399900170040656720 a8508087772 cAnchieta - Pituba aAguiar, Luiz Antonio10aEra no tempo do reilpor10aEra no tempo do rei a1120 a2005 1aÁtica 4aLiteratura juvenil cBK 00104070a91.1b91.1d2023-11-21l0oLJ 028.5 A282e AGU ERAp6319/PITr2023-11-21 18:24:14w2023-11-21yBK 00104070a91.1b91.1d2023-11-21l0oLJ 028.5 A282e AGU ERAp6320/PITr2023-11-21 18:24:14w2023-11-21yBK c56720d56720